000 01694nam a22003617a 4500
003 DO-SdBNP
005 20230821112518.0
007 ta
008 940222s2013 dr a j 000 0 spa d
020 _a9789945465150 (v. 1, v. 2, v. 3)
020 _a9789945465464 (v. 4)
040 _aDO-SdBNP
_cBNPHU
_bspa
_erda
082 4 _aRD863.5
_bC965v
_222
245 0 0 _aCuentos de valores para campeones /
_cpresentación Josefina Jiménez ; ilustraciones Guillermo Nolasco
246 _aCuentos de valores para campeon@s /
264 1 _aSanto Domingo:
_bEdiciones CP,
_c2013.
300 _a4 volumenes
_bilustraciones
_c21 cm.
336 _2rdacontent
_atexto
_btxt
337 _2rdamedia
_asin mediación
_bn
338 _2rdacarrier
_avolumen
_bnc
505 0 _gv. 1 --
_tValor: bondad --
_tValor: honestidad --
_tValor: respeto --
_tValor: responsabilidad --
_tValor: agradecimiento --
_tValor: amabilidad --
_tValor: obediencia --
_tValor: generosidad /
505 0 _gv. 2 --
_tValor: servicio / colaboración --
_tValor: valentía --
_tValor: amistad --
_tValor: perdón /
505 0 _gv. 3 --
_tActitud positiva --
_tTolerancia --
_tHumildad --
_tValentía --
_tAmor --
_tResponsabilidad --
_tOptimismo --
_tAutoestima /
505 0 _gv. 4 --
_tPaciencia --
_tHonestidad --
_tColaboración --
_tPerdón --
_tFidelidad --
_tBondad --
_tPrudencia /
590 _aInventariado, 2022 / YL
650 4 _aCuentos infantiles
_9440
650 4 _aLiteratura infantil
_92053
700 1 _aJiménez, Josefina
_epresentación
_982495
700 1 _aNolasco, Guillermo
_eilustraciones
_919562
700 2 _aVíctor Manuel
_eilustraciones
_982496
910 _aYLockward/Validado. Control de calidad MFF
942 _2ddc
_cLBS1
999 _c52526
_d52526